| Tag |
First Indicator |
Second Indicator |
Subfields |
| LEADER |
00000cam a2200000 i 4500 |
| 001 |
in00004350050 |
| 008 |
200212s2021 enka b 001 0 eng |
| 005 |
20250318223412.4 |
| 010 |
|
|
|a 2020006840
|
| 020 |
|
|
|a 9780367361112
|
| 020 |
|
|
|a 0367361116
|q hardcover
|
| 020 |
|
|
|z 9780429343872
|q ebook
|
| 035 |
|
|
|a (OCoLC)on1140781937
|
| 035 |
|
|
|a (OCoLC)1140781937
|
| 040 |
|
|
|a DLC
|b eng
|e rda
|c DLC
|d OCLCO
|d OCLCF
|d YDX
|
| 042 |
|
|
|a pcc
|
| 050 |
0 |
0 |
|a PS3537.H825
|b Z85 2021
|
| 082 |
0 |
0 |
|a 812/.52
|2 23
|
| 100 |
1 |
|
|a Rabel, Robert J.,
|d 1948-
|e author.
|
| 245 |
1 |
0 |
|a Robert E. Sherwood and the classical tradition :
|b the muses in America /
|c Robert J. Rabel.
|
| 264 |
|
1 |
|a Abingdon, Oxon ;
|a New York :
|b Routledge,
|c 2021.
|
| 300 |
|
|
|a xi, 169 pages :
|b illustrations ;
|c 25 cm.
|
| 336 |
|
|
|a text
|b txt
|2 rdacontent
|
| 336 |
|
|
|a still image
|b sti
|2 rdacontent
|
| 337 |
|
|
|a unmediated
|b n
|2 rdamedia
|
| 338 |
|
|
|a volume
|b nc
|2 rdacarrier
|
| 490 |
1 |
|
|a Routledge monographs in classical studies
|
| 504 |
|
|
|a Includes bibliographical references and index.
|
| 520 |
|
|
|a "This volume explores the reception of the classical past in the works of 20th century American dramatist Robert E. Sherwood and his use of the ancient world to critique key events and trends in American history. It explores his comedies and the influence of both Greek Old and New Comedy, as well as his mediation of his experiences in WW1 through Livy's account of the war with Carthage. During the 1930s, Sherwood used the Peloponnesian War as a template for bringing to the attention of an unaware public the danger of an impending war between the forces of democracy and the totalitarianism represented by Nazi Germany, and post-war he raised awareness of the dangers of nuclear war through the lens of the Greek gods. As well as looking at his use of the classical past in his work, since Sherwood wrote drama deeply concerned with the major social and political events of his day, his plays open windows onto the major social and political challenges facing the United States and the world from the outbreak of World War I until the beginning of the nuclear age. This volume will be of interest to anyone working on the classical tradition and classical reception, as well as to students of 20th century American literature, drama, history, and politics"--
|c Provided by publisher.
|
| 600 |
1 |
0 |
|a Sherwood, Robert E.
|q (Robert Emmet),
|d 1896-1955
|x Criticism and interpretation.
|
| 600 |
1 |
7 |
|a Sherwood, Robert E.
|q (Robert Emmet),
|d 1896-1955.
|2 fast
|0 (OCoLC)fst00050231
|
| 650 |
|
0 |
|a Civilization, Classical, in literature.
|
| 650 |
|
0 |
|a Classical literature
|x Influence.
|
| 650 |
|
7 |
|a Civilization, Classical, in literature.
|2 fast
|0 (OCoLC)fst00863010
|
| 650 |
|
7 |
|a Classical literature
|x Influence.
|2 fast
|0 (OCoLC)fst00863517
|
| 655 |
|
7 |
|a Criticism, interpretation, etc.
|2 fast
|0 (OCoLC)fst01411635
|
| 776 |
0 |
8 |
|i Online version:
|a Rabel, Robert J.,
|t Robert E. Sherwood and the classical tradition
|d New York : Routledge, 2020.
|z 9780429343872
|w (DLC) 2020006841
|
| 830 |
|
0 |
|a Routledge monographs in classical studies.
|
| 852 |
8 |
|
|b pda,print
|z This title is available for the library to purchase for your use. Click the "Purchase It For Me" button to place a request. This item may take 5-10 business days to arrive.
|
| 955 |
|
|
|a Print PDA title
|
| 961 |
|
|
|m 565730
|
| 999 |
f |
f |
|s c78374c7-a09d-44f4-bc4e-394a8c104c23
|i 66d3805e-8a5e-38fd-b228-95bbabce4e39
|t 0
|
| 952 |
f |
f |
|a Texas A&M University
|b College Station
|c Sterling C. Evans Library
|d Purchase on Demand
|t 0
|e PS3537.H825 Z85 2021
|h Library of Congress classification
|
| 998 |
f |
f |
|a PS3537.H825 Z85 2021
|t 0
|l Purchase on Demand
|